000 00576nam a2200229Ia 4500
003 OSt
005 20231118152906.0
008 210329s9999||||xx |||||||||||||| ||und||
020 _a9780821887301
040 _cSTCPL
041 _aENG
082 _a516
_bSHE-E
100 _aKatz, Sheldon
245 0 _aEnumerative geometry and string theory /
_cby Sheldon Katz
260 _aNew York :
_bAmerican Mathematical Soceity ,
_c2006.
300 _a206 p.
_bPB
650 _aGeometry
650 _aMathematics
650 _aString theory
942 _cBK
942 _2ddc
999 _c65080
_d65080